| Tag |
First Indicator |
Second Indicator |
Subfields |
| LEADER |
00000pam a2200000 a 4500 |
| 001 |
in00000091503 |
| 005 |
20151008064003.0 |
| 008 |
801120s1981 njua b 00110 engm |
| 010 |
|
|
|a 80039636
|
| 020 |
|
|
|a 0135570743 (pbk.) :
|c $12.95
|
| 035 |
|
|
|a (OCoLC)07168586
|
| 035 |
|
|
|9 AAK3309AM
|
| 040 |
|
|
|a DLC
|c DLC
|d m.c.
|d TXA
|d UtOrBLW
|
| 043 |
|
|
|a n-us---
|
| 049 |
|
|
|a TXAM
|c [951813]
|
| 050 |
0 |
0 |
|a HF5415.1
|b .A533
|
| 082 |
0 |
|
|a 658.8/02
|2 19
|
| 100 |
1 |
|
|a Adler, Roy D.
|
| 245 |
1 |
0 |
|a Marketing and society :
|b cases and commentaries /
|c Roy D. Adler, Larry M. Robinson, Jan E. Carlson.
|
| 264 |
|
1 |
|a Englewood Cliffs, N.J. :
|b Prentice-Hall,
|c [1981]
|
| 264 |
|
4 |
|c ©1981
|
| 300 |
|
|
|a ix, 502 pages :
|b illustrations ;
|c 23 cm.
|
| 336 |
|
|
|a text
|b txt
|2 rdacontent
|
| 337 |
|
|
|a unmediated
|b n
|2 rdamedia
|
| 338 |
|
|
|a volume
|b nc
|2 rdacarrier
|
| 500 |
|
|
|a Includes indexes.
|
| 504 |
|
|
|a Bibliography: pages 477-494.
|
| 650 |
|
0 |
|a Marketing
|x Social aspects
|z United States
|x Case studies.
|
| 700 |
1 |
|
|a Robinson, Larry M.
|
| 700 |
1 |
|
|a Carlson, Jan E.
|
| 999 |
|
|
|a MARS
|
| 999 |
f |
f |
|s 40a003e7-48b1-3130-88db-ab1db15dcf78
|i 5f710e91-9f02-35b2-93b6-d9fe13ab4ede
|t 0
|
| 952 |
f |
f |
|p ric
|a Texas A&M University
|b Rellis Campus
|c Joint Library Facility
|d Remote Storage
|t 0
|e HF5415.1 .A533
|h Library of Congress classification
|i unmediated -- volume
|m A14806134367
|
| 998 |
f |
f |
|a HF5415.1 .A533
|t 0
|l Remote Storage
|